000 00606nam a2200181Ia 4500
008 100920s9999 xx 000 0 und d
082 _b25383
_a28 व 891,43 थ 71
100 _aकोलोदी कार्लो.
245 _aकठपुतला.
260 _bशिक्षा भारती, कश्मीरी गेट, दिल्ली,6.
_c1971
300 _a103
_bसाधी
365 _b2
520 _aबा.वि.हिंदी.
630 _aकठपुतला.
650 _aबा.वि.हिंदी.
730 _aकठपुतला.
942 _cBOOK
999 _c683267
_d683264